| 000 | 01274nam a2200349 i 4500 | ||
|---|---|---|---|
| 003 | OSt | ||
| 005 | 20210413134838.0 | ||
| 007 | ta | ||
| 008 | 201201b2020 ck a|||br|||| 00| 1 spa d | ||
| 020 | _a9789585300538 | ||
| 040 |
_aCO-BoRNBP _bspa _erda _cCO-BoRNBP |
||
| 041 | 1 | _aspa | |
| 084 | _aA DIP1 | ||
| 100 | 1 |
_aDipacho _d1984- _eautor _910185 |
|
| 245 | 1 | 0 |
_aAntonia va al río _cDipacho |
| 250 | _aEdición especial | ||
| 264 | 1 |
_aBogotá _bCataplum Libros _c2020 |
|
| 300 |
_a36 páginas sin numerar _bilustraciones _c23 cm |
||
| 336 |
_2rdacontent _atexto _btxt |
||
| 337 |
_2rdamedia _asin mediación _bn |
||
| 338 |
_2rdacarrier _avolumen _bnc |
||
| 490 | 0 | _aPlan Nacional de Lectura y Escritura Leer es mi Cuento / Ministerio de Cultura | |
| 500 | _aDipacho es el seudónimo de Diego Francisco Sánchez | ||
| 521 | _aRecomendado para un público infantil mayor de 6 años | ||
| 650 | 1 | 7 |
_2LEMB _aÁlbumes infantiles colombianos _ySiglo XX _9502 |
| 650 | 1 | 7 |
_2LEMB _aLiteratura colombiana _ySiglo XX _9161536 |
| 650 | 1 | 7 |
_2LEMB _aAutores colombianos _ySiglo XX _93714 |
| 650 | 1 | 7 |
_2LEMB _aDesplazados por la violencia _vÁlbum _9161537 |
| 650 | 1 | 7 |
_2LEMB _aEmigración e inmigración _vÁlbum _9134937 |
| 650 | 1 | 7 |
_2LEMB _aViajes _vÁlbum _9147325 |
| 942 |
_2ddc _cBKLIT |
||
| 999 |
_c13270 _d13270 |
||